Southville International School and Colleges
Your cart is empty.
  • Cart
  • Lists
    Public lists Eva Luna New books Lux_list list_1
    Your lists Log in to create your own lists
  • Log in to your account
  • Your cookies
  • Search history
Southville International School and Colleges
  • Advanced search
  • Recent comments
  • Most popular
  • Libraries

Log in to your account

Log in with GOOGLE


If you do not have an external account, but do have a local account, you can still log in:

  1. Home
  2. MARC view: Doc :
Normal view MARC view ISBD view

Doc : (Record no. 11701)

[ view plain ]
MARC details
000 -LEADER
fixed length control field 00513nam a22001937a 4500
003 - CONTROL NUMBER IDENTIFIER
control field SISC
005 - DATE AND TIME OF LATEST TRANSACTION
control field 20160404135605.0
008 - FIXED-LENGTH DATA ELEMENTS--GENERAL INFORMATION
fixed length control field 121116t xxu||||| |||| 00| 0 eng d
020 ## - INTERNATIONAL STANDARD BOOK NUMBER
International Standard Book Number 0440206685
050 ## - LIBRARY OF CONGRESS CALL NUMBER
Classification number HV 6568
Item number .Ol52 1989
082 ## - DEWEY DECIMAL CLASSIFICATION NUMBER
Classification number FIC
Item number Ol8d 1989
100 ## - MAIN ENTRY--PERSONAL NAME
Personal name Olsen, Jack
9 (RLIN) 20965
245 ## - TITLE STATEMENT
Title Doc :
Remainder of title the rape of the town of lovell /
Statement of responsibility, etc Jack Olsen.
260 ## - PUBLICATION, DISTRIBUTION, ETC. (IMPRINT)
Place of publication, distribution, etc New York :
Name of publisher, distributor, etc Dell Publishing,
Date of publication, distribution, etc 1989.
300 ## - PHYSICAL DESCRIPTION
Extent 542 p. :
Dimensions 18 cm.
650 ## - SUBJECT ADDED ENTRY--TOPICAL TERM
Topical term or geographic name as entry element Fiction
9 (RLIN) 746
942 ## - ADDED ENTRY ELEMENTS (KOHA)
Source of classification or shelving scheme Library of Congress Classification
Koha item type Books
Holdings
Withdrawn status Lost status Source of classification or shelving scheme Damaged status Home library Current library Shelving location Date acquired Total Checkouts Full call number Barcode Date last seen Copy number Price effective from Koha item type
    Library of Congress Classification   Luxembourg Library Luxembourg Library Fiction Section 09/19/2013   HV 6568 .Ol52 1989 3147 04/04/2016 1 09/19/2013 Books

Doc :

APA

Olsen J., . (1989). Doc. New York: Dell Publishing.

Chicago

Olsen Jack, . 1989. Doc. New York: Dell Publishing.

Harvard

Olsen J., . (1989). Doc. New York: Dell Publishing.

MLA

Olsen Jack, . Doc. New York: Dell Publishing. 1989.

  • Place hold
  • Print
  • Cite
  • Add to your cart (remove)
  • Save record
    BIBTEX Dublin Core MARCXML MARC (non-Unicode/MARC-8) MARC (Unicode/UTF-8) MARC (Unicode/UTF-8, Standard) MODS (XML) RIS
  • More searches
    Search for this title in:
    Other Libraries (WorldCat) Other Databases (Google Scholar) Online Stores (Bookfinder.com) Open Library (openlibrary.org)

Exporting to Dublin Core...

SOUTHVILLE LIBRARY

Southville International School and Colleges Library

1281 Tropical Ave. Cor. Luxembourg St., BF Homes International, Las Pinas City

Tel. No. 8256374 / 252358 Loc. 117/146

Powered by Koha